000
00257nam a2200109Ia 4500
008
240625s9999 xx 000 0 und d
041
_a
eng
082
_a
004 OBR
100
_a
O BRIEN JAMES A
245
_a
INTRODUCTION TO INFORMATION SYSTEMS
260
_c
2005
999
_c
34448
_d
34448